| 000 | 04532nam a2201345 i 4500 | ||
|---|---|---|---|
| 001 | C00593386 | ||
| 003 | PE-LiUPU | ||
| 005 | 20250813185653.0 | ||
| 008 | 201124r2020 ag a g 000 0 spa | ||
| 020 | _a9789875918559 | ||
| 040 |
_apelibn _bspa _erda _cPE-LiUPU _dPE-LiUPU |
||
| 082 | 0 | 4 |
_a362.3 _222 _bP437i |
| 100 | 1 |
_aPeressotti, Cynthia, _eautor. |
|
| 245 | 1 | 0 |
_aInclusión laboral de personas con discapacidad : _bmetodología y práctica / _cCynthia Peressotti. |
| 250 | _aPrimera edición | ||
| 264 | 1 |
_aCórdoba, Argentina : _bEditorial Brujas, _c2017. |
|
| 300 |
_a262 páginas : _bilustraciones ; _c23 centímetros. |
||
| 336 |
_aTexto _2rdacontent |
||
| 337 |
_asin mediación _2rdamedia |
||
| 338 |
_avolumen _2rdacarrier |
||
| 500 | _aGlosario de abreviaciones: páginas 261-262. | ||
| 504 | _aBibliografía: páginas 255-260. | ||
| 505 | _aDefiniendo términos -- Conociendo a los protagonistas y su entorno -- Inclusión laboral -- Pautas que guiaron la organización del Taller de Formación Laboral -- Baúl de estrategias y metodologías -- Lo que aún falta. | ||
| 526 | _aP202 | ||
| 526 | _aP201 | ||
| 526 | _aP163 | ||
| 526 | _aP162 | ||
| 526 | _aP161 | ||
| 526 | _aP160 | ||
| 526 | _aP148 | ||
| 526 | _aP147 | ||
| 526 | _aP146 | ||
| 526 | _aP145 | ||
| 526 | _aP144 | ||
| 526 | _aP143 | ||
| 526 | _aP142 | ||
| 526 | _aP141 | ||
| 526 | _aP140 | ||
| 526 | _aP139 | ||
| 526 | _aP138 | ||
| 526 | _aP137 | ||
| 526 | _aP136 | ||
| 526 | _aP135 | ||
| 526 | _aP134 | ||
| 526 | _aP133 | ||
| 526 | _aP129 | ||
| 526 | _aP128 | ||
| 526 | _aP127 | ||
| 526 | _aP120 | ||
| 526 | _aP119 | ||
| 526 | _aP118 | ||
| 526 | _aP116 | ||
| 526 | _aP115 | ||
| 526 | _aP114 | ||
| 526 | _aP110 | ||
| 526 | _aP109 | ||
| 526 | _aP108 | ||
| 526 | _aP104 | ||
| 526 | _aP103 | ||
| 526 | _aP102 | ||
| 526 | _aP99 | ||
| 526 | _aP98 | ||
| 526 | _aP97 | ||
| 526 | _aP96 | ||
| 526 | _aP95 | ||
| 526 | _aP93 | ||
| 526 | _aP90 | ||
| 526 | _aP89 | ||
| 526 | _aP88 | ||
| 526 | _aP83 | ||
| 526 | _aP82 | ||
| 526 | _aP62 | ||
| 526 | _aP59 | ||
| 526 | _aP58 | ||
| 526 | _aP57 | ||
| 526 | _aP51 | ||
| 526 | _aP49 | ||
| 526 | _aP48 | ||
| 526 | _aP47 | ||
| 526 | _aP29 | ||
| 526 | _aP24 | ||
| 526 | _aP20 | ||
| 526 | _aP19 | ||
| 526 | _aP17 | ||
| 526 | _aP15 | ||
| 526 | _aP14 | ||
| 526 | _aP12 | ||
| 526 | _aP10 | ||
| 526 | _aP09 | ||
| 526 | _aP08 | ||
| 526 | _aP07 | ||
| 526 | _aP06 | ||
| 526 | _aP05 | ||
| 526 | _aP04 | ||
| 526 | _aP01 | ||
| 650 | 1 | 8 |
_aPersonas con discapacidad mental _xTrabajo _zArgentina. |
| 650 | 2 | 8 |
_aPersonas con discapacidad mental _xEducación _zArgentina. |
| 650 | 2 | 8 |
_aIntegración de los discapacitados _zArgentina. |
| 942 |
_2ddc _cBK _n0 |
||
| 999 |
_c61727 _d61727 |
||
| 980 |
_618226 _aJaime Vilcazán Jefe de Análisis Documental _81 _gALBERTO SANCHEZ Responsable de Automatización |
||